Súčasný rozvoj plastov a technológie spracovania plastov

Na minha lista:
Detalhes bibliográficos
Autor principal: Mitríková, Lucia, 1988- (Author)
Outros Autores: Bílik, Jozef, 1961- (Thesis advisor)
Formato: Manuscrito Livro
Idioma:eslovaco
Publicado em: Trnava : STU v Bratislave MTF UVTE KT, 2010
Assuntos:
Acesso em linha:VAIS
Tags: Adicionar Tag
Sem tags, seja o primeiro a adicionar uma tag!

MARC

LEADER 00000ntm a22000003a 4500
001 stu217845
005 20160719160348.4
008 101130s2010----xo------------------slo-d
040 |a STU  |b slo 
041 0 |a slo 
044 |a xo 
100 1 |a Mitríková, Lucia,  |d 1988-  |4 aut  |X 48663  |7 A000048663 
242 0 0 |a The actual development of plastics and plastics processing technology.  |y eng 
245 1 |a Súčasný rozvoj plastov a technológie spracovania plastov 
260 |a Trnava :  |b STU v Bratislave MTF UVTE KT,  |c 2010 
650 7 |a výrobné technológie  |2 stusub 
650 7 |a Manufacturing Technologies  |2 estusub 
650 7 |a výlisok  |2 stusub 
650 7 |a forma  |2 stusub 
650 7 |a pressing  |2 estusub 
700 1 |a Bílik, Jozef,  |d 1961-  |4 ths  |u M3000  |U MTF Materiálovotechnologická fakulta  |T MTF Ústav výrobných technológií  |X 1547  |U M3000  |Y 83  |7 A000001547 
856 4 |a info a plný text  |u http://is.stuba.sk/zp/portal_zp.pl?podrobnosti=47293  |3 VAIS 
996 |c M*BP-4797  |l MMSKP  |s P  |a 0  |w stu217845_0001